Представление документа в формате MARC21

Поле Инд. ПП Название Значение
Тип записи a
Библиографический уровень a
001 Контрольный номер ac48f6a3dd6b4935afbfca7e4e0da0dc
005 Дата корректировки 20260423090945.4
020 a ISBN 978-5-907919-723
040 a Служба первич. каталог. НБ ТвГУ
b Код языка каталог. rus
e Правила каталог. PSBO
041 0_ a Код языка текста rus
097 b Оператор Komarova.ES
100 1_ a Автор Киндеркнехт Анна Сергеевна
q Полное имя Киндеркнехт А. С.
245 10 a Заглавие Номинации «писатель» и «литератор» в Национальном коде культуры
260 a Место издания Москва
b Издательство Московский союз литераторов
504 a Библиография Библиогр. в подстроч. примеч.
520 0_ a Аннотация Статья посвящена поискам общего и различного в употреблении слов «писатель» и «литератор». Исследования значений слов выводит на актуальную разницу номинаций, обсуждаемую в современных литературных кругах.
653 0_ a Ключевые слова Литературный круг
a Ключевые слова Исследование значений
a Ключевые слова Писатель
a Ключевые слова Литератор
a Ключевые слова Национальный культурный код
700 12 a Другие авторы Юрченков Егор Сергеевич
q Полное имя Юрченков Е. С.
773 18 w Контрольный № источника b6c41c0621c24b1a8844e5348daa290e
t Название источника IV международная научно-практическая конференция "Русский язык и литература в современном мире: как сохранить национальный культурный код"
d Место и дата издания Москва : Московский союз литераторов, 2026
g Прочая информация С. 105-114
901 t Тип документа a
920 a Оператор Кома
954 b Дата поступления в ОК 20260423